Popes - Sudden Death - Statistics

General Stats
  • This quiz has been taken 1,117 times
    513 since last reset
  • The average score is 10 of 18
Answers on the Grid
Answers color-coded by a green-red scale on the quiz's grid according to % correct below.
Adrian II
Benedict XIX
Caesar
Clement IX
Felix
Francis
Francis II
Gregory
Innocent XXV
James
John Paul I
John Paul II
John XV
John XXV
Julius II
Leo XIV
Linus
Lucifer
Nicholas
Octavius
Paul II
Peter
Peter III
Phoenix
Pius X
Pius XII
Polycarp
Sixtus
Stephen II
Washington
 
Answer Stats
Answer % Correct
Francis
73%
John Paul I
71%
John Paul II
69%
Adrian II
63%
Leo XIV
61%
Clement IX
58%
Gregory
56%
Peter
55%
Pius XII
55%
Paul II
51%
Pius X
50%
John XV
48%
Sixtus
47%
Linus
44%
Stephen II
39%
Felix
38%
Julius II
38%
Nicholas
37%
No matching quizzes found
Score Distribution
Percent of People with Each Score
Percentile by Number Answered
Your Score History
You have not taken this quiz since the last reset